Statistics for All Vehicles from Skylanders Superchargers

Click here to take the quiz!

General Stats

  • This quiz has been taken 28 times
  • The average score is 16 of 29

Answer Stats

HintAnswer% Correct
LifeStealth Stinger
95%
FireHot Streak
85%
EarthThump Truck
85%
LifeBuzz Wing
80%
WaterDive Bomber
80%
EarthShark Tank
80%
MagicSplatter Splasher
80%
WaterReef Ripper
75%
DarkSea Shadow
75%
MagicSoda Skimmer
70%
LightSun Runner
70%
FireBurn Cycle
65%
Fire (Variant)Dark Hot Streak
65%
Life (Variant)Nitro Stealth Stinger
65%
UndeadCrypt Crusher
60%
UndeadTomb Buggy
55%
TechGold Rusher
50%
TechShield Striker
50%
Light (Variant)Legendary Sun Runner
45%
Dark (Variant)Dark Sea Shadow
40%
Magic (Variant)Nitro Soda Skimmer
40%
Magic (Variant)Power Blue Splatter Splasher
35%
Fire (Variant)Gold Hot Streak
30%
Tech (Variant)Power Blue Gold Rusher
25%
Fire (Variant)E3 Hot Streak
20%
Fire (Variant)Patina Burn Cycle
15%
Water (Variant)Spring Ahead Dive Bomber
15%
Undead (Variant)Bronze Tomb Buggy
5%
Tech (Variant)Patina Shield Striker
5%

Score Distribution

Percentile by Number Answered

Percent of People with Each Score

Your Score History

You have not taken this quiz